| 000 | 00942cam a2200265 a 4500 | ||
|---|---|---|---|
| 001 | 11942124 | ||
| 003 | OSt | ||
| 005 | 20151015093912.0 | ||
| 008 | 000315s2001 njua 001 0 eng | ||
| 010 | _a 00035951 | ||
| 020 | _a0130260371 (alk. paper) | ||
| 040 |
_aDLC _cDLC _dDLC |
||
| 050 | 0 | 0 |
_aQA107 _b.M293 2001 |
| 082 | 0 | 0 |
_a513/.1 _221 |
| 100 | 1 |
_aMartin-Gay, K. Elayn, _d1955- |
|
| 245 | 1 | 0 |
_aPrealgebra / _cK. Elayn Martin-Gay. |
| 250 | _a3rd ed. | ||
| 260 |
_aUpper Saddle River, N.J. : _bPrentice Hall, _cc2001. |
||
| 300 |
_axxviii, 821, 77, 8 p. : _bill. (some col.) ; _c28 cm. |
||
| 500 | _aIncludes index. | ||
| 650 | 0 | _aArithmetic. | |
| 906 |
_a7 _bcbc _corignew _d1 _eocip _f20 _gy-gencatlg |
||
| 942 |
_2lcc _cBK |
||
| 999 |
_c250699 _d250699 |
||